Giáo trình Luật hành chính Việt Nam

Kaydedildi:
Detaylı Bibliyografya
Yazar: Trần, Minh Hương
Materyal Türü: Kitap
Dil:Undetermined
Baskı/Yayın Bilgisi: Hà Nội Công an nhân dân 2003
Konular:
Etiketler: Etiketle
Etiket eklenmemiş, İlk siz ekleyin!
Thư viện lưu trữ: Trung tâm Học liệu Trường Đại học Cần Thơ
LEADER 00570nam a2200205Ia 4500
001 CTU_110799
008 210402s9999 xx 000 0 und d
020 |c 94000 
082 |a 342.597 
082 |b H561 
100 |a Trần, Minh Hương 
245 0 |a Giáo trình Luật hành chính Việt Nam 
245 0 |c Trần Minh Hương 
260 |a Hà Nội 
260 |b Công an nhân dân 
260 |c 2003 
650 |a Administrative law 
650 |z Vietnam 
904 |i Minh 
980 |a Trung tâm Học liệu Trường Đại học Cần Thơ